000 00779nam a2200229Ii 4500
003 JO-AjNU
008 230605s9999||||xx |||||||||||||| ||und||
017 _a1977/5049
020 _a977-7222-70-X
040 _aJO-AjNU
_bara
_erda
_cJO-AjNU
041 _aara
050 1 4 _aK623.1977
100 3 _a علم الدين، محي الدين اسماعيل ,
_eauthor
_944707
245 0 0 _aأصول القانون المدني / الحقوق العينية " الأصلية والتبعية "
250 _a(د،ط)
264 3 1 _aالفجالة : دار الجيل ، 1977
300 _a702ص
336 _atext
_btxt
_2rdacontent
337 _aunmediated
_bn
_2rdamedia
338 _avolume
_bnc
_2rdacarrier
650 4 _aقانون مدني -- حقوق عينية
_944708
999 _aA19324
_c22892
_d22892